[Event "Krakow op-B 23rd"]
[Site "Krakow"]
[Date "2012.12.27"]
[Round "1"]
[White "Puuska, Heini"]
[Black "Trebala, Michal"]
[Result "1-0"]
[WhiteElo "1984"]
[BlackElo "1631"]
[PlyCount "65"]
[EventDate "2012.12.27"]
[EventType "swiss"]
[EventRounds "9"]
[EventCountry "POL"]
[SourceTitle "CBM 152 Extra"]
[Source "ChessBase"]
[SourceDate "2013.02.25"]
[SourceVersion "1"]
[SourceVersionDate "2013.02.25"]
[SourceQuality "1"]

1. d4 d6 2. e4 Nf6 3. Nc3 g6 4. Nf3 Bg7 5. h3 0-0 6. Be3 Nfd7 7. Qd2 c5 8. Bh6 Nc6 9. Bxg7 Kxg7 10. d5 Nce5 11. Nxe5 Nxe5 12. f4 Nd7 13. Be2 f5 14. 0-0-0 fxe4 15. Nxe4 Nf6 16. Ng5 h6 17. Ne6+ Bxe6 18. dxe6 Qc7 19. g4 d5 20. Bf3 Ne4 21. Bxe4 dxe4 22. Qc3+ Kh7 23. f5 gxf5 24. Rd7 Qf4+ 25. Kb1 Rae8 26. Qxc5 Qg5 27. h4 Qf6 28. gxf5 Qxf5 29. Rxe7+ Rxe7 30. Qxe7+ Kh8 31. a3 Qf2 32. Qd7 Qg2 33. Rd1 1-0

[Event "Krakow KKSz-ch"]
[Site "Krakow"]
[Date "2009.08.16"]
[Round "7"]
[White "Zmorzyski, Bohdan"]
[Black "Trebala, Michal"]
[Result "1-0"]
[WhiteElo "1678"]
[BlackElo "1612"]
[PlyCount "83"]
[EventDate "2009.08.12"]
[EventType "swiss"]
[EventRounds "9"]
[EventCountry "POL"]
[SourceTitle "CBM 132 Extra"]
[Source "ChessBase"]
[SourceDate "2009.11.03"]
[SourceVersion "1"]
[SourceVersionDate "2009.11.03"]
[SourceQuality "1"]

1. d4 Nf6 2. Nf3 g6 3. c4 Bg7 4. Nc3 d6 5. e4 c5 6. d5 0-0 7. Be2 Nbd7 8. 0-0 a6 9. h3 Qc7 10. Bf4 Nh5 11. Bh2 Nb6 12. Nd2 Nf6 13. f4 e6 14. e5 Ne8 15. Nf3 f6 16. exd6 Qxd6 17. Ne4 Qc7 18. f5 e5 19. fxg6 hxg6 20. Kh1 Bf5 21. Nfd2 Nd6 22. Nxd6 Qxd6 23. Nf3 Kf7 24. a3 Rh8 25. Bd3 Bxh3 26. gxh3 Rxh3 27. Ng5+ Ke7 28. Nxh3 Rh8 29. Kg2 f5 30. Qe2 Kd7 31. Rab1 Qf6 32. Qf2 f4 33. Ng1 g5 34. Ne2 Qh6 35. Kh1 Kd6 36. b4 Nd7 37. Bf5 b6 38. Bxd7 Kxd7 39. bxc5 g4 40. Rxb6 Qh3 41. Rb7+ Kc8 42. Rxg7 1-0